• 首页
  • 本馆介绍
  • 公告通知
  • 最新文献
  • 馆藏检索
  • 电子资源
  • 读者导购
  • 参考咨询
  • 我的图书馆
  • 登录
  • 详细信息显示
  • 放入我的书架
  • 预约/预借图书
  • 作者相关作品
  • 分类相关作品
  • 丛书相关作品
  • 出版社相关作品

书目信息

  • 表格格式
  • 工作单格式
  • 卡片格式
题名:
微波量子放大器及振荡器
    
 
作者: 辛格 著 ;凌君达 译
分册:  
出版信息: 北京   科学出版社  1963
页数: 142页
开本: 20cm
丛书名:
单 册:
中图分类: O455
科图分类:
主题词: 无线电物理学
电子资源:
ISBN:
000 00632nam0 2200217 450
001 0753261793
005 20070930144959.56
010    @dCNY0.85
100    @a20070930d1963 km y0chiy0120 ea
101 0  @achi
102    @aCN@b110000
102    @aCN@b110000
200 1  @a微波量子放大器及振荡器@Awei bo liang zi fang da qi ji zhen dang qi@fJ.R.辛格著@FJ.R.xin ge zhu@g凌君达等译@Gling jun da deng yi
210    @a北京@c科学出版社@d1963
215    @a142页@d20cm
606 0  @a无线电物理学
690    @aO455@v3
701  0 @a辛格@Axin ge@4著
702  0 @a凌君达@Aling jun da@4译
801  0 @aCN@bPFT@c20070930
905    @a10447@dO455@e3
    
    微波量子放大器及振荡器/J.R.辛格著/凌君达等译.-北京:科学出版社,1963
    142页;20cm
    
    
    ISBN :CNY0.85
    
●
相关链接 在E读中查询图书 在五车中查询图书 在当当中查询图书 在豆瓣中查询图书


正题名:微波量子放大器及振荡器     索取号:O455/3         预约/预借

序号 登录号 条形码 馆藏地/架位号 状态 备注
1 626262   206262621   密集书库/ [索取号:O455/3] 在馆    
唐山师范学院图书馆 欢迎您!
大连网信软件有限公司© 版权所有